| 000 | 00389cam a2200157ua 4500 | ||
|---|---|---|---|
| 003 | OSt | ||
| 008 | 221103b |||||||| |||| 00| 0 eng d | ||
| 041 | _aeng | ||
| 082 |
_a501 _bRUS/IM |
||
| 100 |
_aRussell, Bertrand . _95291 |
||
| 245 | _aImpact of science on society / | ||
| 250 | _a1 / | ||
| 260 |
_aLondon : _bGeorge Allen & Unwin Ltd , _c1959. |
||
| 300 | _a140 ; . | ||
| 942 | _cBK | ||
| 999 |
_c10215 _d10215 |
||